Mots en commun dans le Rock - Statistiques

Statistiques générales
  • Ce quiz a été pris 979 fois
  • Le résultat moyen est 26 sur 36
Statistiques - réponses
Artiste Titre Mot en commun % Correct
Bod Dylan Knockin' On ...'s Door Heaven
95%
Led Zeppelin Stairway To ... Heaven
95%
Arctic Monkeys When The ... Goes Down Sun
94%
The Animals The House Of The Rising ... Sun
94%
Van Halen Ain't Talkin' 'Bout ... Love
93%
Joan Jett I ... Rock 'N Roll Love
93%
Chris Isaak Blue ... Hotel
91%
Eagles ... California Hotel
91%
Prince Purple ... Rain
89%
Guns N' Roses November ... Rain
89%
AC/DC Back in ... Black
88%
Metallica Fade To ... Black
88%
Lynyrd Skynyrd Sweet ... Alabama Home
88%
Led Zeppelin Bring It on ... Home
88%
Marylin Manson Sweet ... Dreams
81%
Green Day Boulevard of Broken ... Dreams
81%
Blur ... & Boys Girl
75%
The Beatles ... Girl
75%
Elvis Presley Jailhouse ... Rock
72%
Scorpions ... You Like A Hurricane Rock
72%
Blur ... 2 Song
68%
Led Zeppelin Immigrant ... Song
68%
Michael Jackson ... Bad
65%
Led Zeppelin Good Times ... Times Bad
65%
The Doors The ... End
65%
Linkin Park In the ... End
65%
Depeche Mode Personal ... Jesus
65%
Genesis ... He Knows Me Jesus
65%
Lou Reed Walk On the ... Side Wild
63%
Steppenwolf Born to be ... Wild
63%
Aerosmith ... This Way Walk
58%
Dire Straits ... of Life Walk
58%
The Beatles ... Tripper Day
43%
Lou Reed Perfect ... Day
43%
Bruce Springsteen Thunder ... Road
24%
Dire Straits Telegraph ... Road
24%
Aucun quiz correspondant
Distribution des résultats
% des personnes avec chaque résultat
Percentile par nombre de réponses
Votre historique - résultats
Vous n’avez pas pris ce quiz